The Legend of Zelda: Oracle of Ages and Oracle of Seasons - Dungeons - Statistics

General Stats
  • This quiz has been taken 24 times
  • The average score is 9 of 18
Answer Stats
Answer % Correct
Black Tower
74%
Jabu Jabu's Belly
74%
Mermaid's Cave
74%
Gnarled Root Dungeon
68%
Onox's Castle
68%
Ancient Tomb
63%
Dancing Dragon Dungeon
63%
Poison Moth's Lair
53%
Skull Dungeon
47%
Wing Dungeon
47%
Ancient Ruins
42%
Crown Dungeon
42%
Explorer's Crypt
42%
Moonlit Grotto
42%
Snake's Remains
42%
Unicorn's Cave
42%
Spirit's Grave
37%
Sword & Shield Maze
26%
No matching quizzes found
Score Distribution
Percent of People with Each Score
Percentile by Number Answered
Your Score History
You have not taken this quiz